| 000 | 00540nam a2200169Ia 4500 | ||
|---|---|---|---|
| 008 | 140626s9999 xx 000 0 und d | ||
| 100 | _aNusslock, R. | ||
| 245 |
_aCognitive vulnerability and frontal brain asymmetry : _bcommon predictors of first prospective depressive episode / _cR. Nusslock ... [et al.]. |
||
| 260 | _cc2011. | ||
| 300 | _a120 : 2, page 497 | ||
| 440 | _aJournal of Abnormal Psychology | ||
| 521 | _aPSYCH | ||
| 650 | _aCognitive vulnerability. | ||
| 650 | _aDepression. | ||
| 650 | _aFrontal EEG. | ||
| 942 | _cSE | ||
| 999 |
_c121301 _d121301 |
||